000 00278nam a2200121Ia 4500
008 191201s2013 xx 000 0 und d
100 _aGARG, S.K.
245 0 _aWorkshop Technology
260 _aN. Delhi
_bLaxmi
_c2013
300 _a542
650 _aB.Tech(ME)
942 _2ddc
_cBK
999 _c6156
_d6156